| 000 | 00458ntaaa2200181 4500 | ||
|---|---|---|---|
| 003 | 01 | ||
| 005 | 20251027203038.0 | ||
| 008 | 0714s1973 ag 01 | ||
| 040 |
_aAR-BaBN _bspa _cAR-BaBN _eaacr _dRIC |
||
| 082 | _a289.7892 Ei9e | ||
| 100 |
_aEitzen, Hartwig _931570 |
||
| 245 | _aEvangelio o cultura? | ||
| 250 | _a1 ed. | ||
| 260 |
_aBuenos Aires : _bSeminario, _c1995 |
||
| 300 |
_aiii, 194 p ; _c27 cm |
||
| 650 |
_aMenonitas-Paraguay _96562 |
||
| 942 | _cBK | ||
| 999 |
_c25817 _d25817 |
||